000 00528cam a2200217ua 4500
001 8108
005 20260515114308.0
008 150108n ii |||gr||||Z||||||hin
020 _a8181290518
040 _cMAIN
041 _ahin
082 _a891.434
100 _aBhati, D. S.,
_eAuthor.
245 1 _aRahim granthavali
_cBy Deshraj Singh Bhati
250 _a1st.
260 _aNew Delhi:
_bNaman,
_c2004.
300 _a287p.
653 _aEast Indo-European & Celtic literatures
653 _aHIndi essays
942 _cBK
999 _c7218
_d7218